عرض عادي عرض مارك
  • Sawyer, Stacey C.

مدخل إسم شخص

عدد التسجيلات المستخدمة في: 4

001 - رقم الضبط

  • حقل الضبط: 4168

003 - معرف رقم الضبط

  • حقل الضبط: OSt

005 - تاريخ ووقت أخر عملية

  • حقل الضبط: 20110910094022.0

008 - عناصر بيانات ثابتة الطول

  • حقل تحكم ثابت الطول: 110910|||a|||||| | ||| d

040 ## - مصدر الفهرسة

  • هيئة الفهرسة الأصلية: OSt
  • وكالة الكتابة: OSt

100 ## - مدخل -- أسم شخص

  • إسم شخص: Sawyer, Stacey C.

670 ## - بيانات المصدر موجوده

  • الاستشهاد بالمصدر: Work cat.: (OSt)14841: Williams, Brian K., 1938- 4167, Using information technology :, c2011.